Professionalism and ethical decision making (Record no. 106442)
[ view plain ]
| 000 -LEADER | |
|---|---|
| fixed length control field | 01030cam a2200205 4500 |
| 001 - CONTROL NUMBER | |
| control field | L136580 |
| 008 - FIXED-LENGTH DATA ELEMENTS--GENERAL INFORMATION | |
| fixed length control field | 070208n2005 000 0 eng u |
| 035 ## - SYSTEM CONTROL NUMBER | |
| System control number | (Sirsi) u136580 |
| 041 0# - LANGUAGE CODE | |
| Language code of text/sound track or separate title | eng |
| 100 1# - MAIN ENTRY--PERSONAL NAME | |
| Personal name | Knight, Andrew |
| 245 00 - TITLE STATEMENT | |
| Title | Professionalism and ethical decision making |
| Medium | [electronic resource] |
| 260 ## - PUBLICATION, DISTRIBUTION, ETC. | |
| Place of publication, distribution, etc. | London |
| Name of publisher, distributor, etc. | RICS |
| Date of publication, distribution, etc. | 2005 |
| 490 #0 - SERIES STATEMENT | |
| Series statement | COBRA |
| Volume/sequential designation | 2005 |
| 520 ## - SUMMARY, ETC. | |
| Summary, etc. | Argues that professionalism is a continuum of traits determined by reference to the characteristics of various historically powerful professions, and that if surveyors wish to defend and enhance their status, practitioners must become more aware of the complexities of moral and ethical frameworks. |
| 651 #4 - SUBJECT ADDED ENTRY--GEOGRAPHIC NAME | |
| Geographic name | International |
| 690 ## - LOCAL SUBJECT ADDED ENTRY--TOPICAL TERM (OCLC, RLIN) | |
| Topical term or geographic name as entry element | MANAGEMENT-BUSINESS MANAGEMENT-PROFESSIONAL PRACTICE-PROFESSIONAL ETHICS |
| 700 1# - ADDED ENTRY--PERSONAL NAME | |
| Personal name | Morledge, Roy |
| 856 40 - ELECTRONIC LOCATION AND ACCESS | |
| Uniform Resource Identifier | <a href="https://epicms.rics.org/en/jaduimportroot/jadudownloads/COBRA/COBRA-2005_/Professionalism-and-ethical-decision-making_2911/">https://epicms.rics.org/en/jaduimportroot/jadudownloads/COBRA/COBRA-2005_/Professionalism-and-ethical-decision-making_2911/</a> |
| Public note | View the item free of charge at www.rics.org... |
| 942 ## - ADDED ENTRY ELEMENTS (KOHA) | |
| Suppress in OPAC | 0 |
| Withdrawn status | Lost status | Source of classification or shelving scheme | Damaged status | Not for loan | Home library | Current library | Shelving location | Date acquired | Total Checkouts | Full call number | Barcode | Date last seen | Copy number | Price effective from | Koha item type |
|---|---|---|---|---|---|---|---|---|---|---|---|---|---|---|---|
| Dewey Decimal Classification | Virtual | Virtual | Online | 08/02/2007 | ONLINE PUBLICATION | 136580-1001 | 06/08/2019 | 1 | 06/08/2019 | Book |